| Tag |
First Indicator |
Second Indicator |
Subfields |
| LEADER |
00000cas a2200000 4500 |
| 001 |
in00000932425 |
| 005 |
20150924210513.0 |
| 007 |
hd afu|||buuu |
| 008 |
770414d1972197uohuar n a 0uuu 0eng d |
| 035 |
|
|
|a (OCoLC)02886894
|
| 035 |
|
|
|9 AER1697AM
|
| 040 |
|
|
|a KSU
|c KSU
|d MUL
|d m/c
|d OCL
|d UtOrBLW
|
| 049 |
|
|
|a TXAI
|
| 099 |
|
|
|a film
|a N
|a 427
|
| 245 |
0 |
0 |
|a War bulletin.
|
| 264 |
|
1 |
|a Berkeley, Calif. :
|b Asia Information Group.
|
| 336 |
|
|
|a text
|b txt
|2 rdacontent
|
| 337 |
|
|
|a microform
|b h
|2 rdamedia
|
| 338 |
|
|
|a microfilm reel
|b hd
|2 rdacarrier
|
| 362 |
0 |
|
|a no. [1]- Apr. 13, 1972-
|
| 533 |
|
|
|a Microfilm.
|b Wooster, Ohio :
|c Bell & Howell Co.,
|d 19--
|e microfilm reels ; 35 mm.
|f (Underground newspaper collection).
|
| 500 |
|
|
|a Microform.
|
| 650 |
|
0 |
|a Underground press publications
|z California
|z Berkeley.
|
| 710 |
2 |
|
|a Asia Information Group.
|
| 752 |
|
|
|a United States
|b California
|d Berkeley.
|
| 785 |
0 |
0 |
|t Indochina bulletin
|
| 999 |
|
|
|a MARS
|
| 999 |
f |
f |
|s 4a1e080b-065f-3c23-8dfb-3c3fa569ed7a
|i 75d7f5da-9276-33ac-bf99-4a9453eabc12
|t 0
|
| 952 |
f |
f |
|p default
|a Texas A&M University
|b College Station
|c Sterling C. Evans Library
|d Evans: Microforms (3rd floor)
|t 0
|e film N 427 reel 115 no. 6
|h Other scheme
|i microform -- microfilm reel
|
| 998 |
f |
f |
|a film N 427 reel 115 no. 6
|s no.1 (1972:Apr.13)-no.20 (1972:Dec.4)
|t 0
|l Evans: Microforms (3rd floor)
|